000 00565nam a2200181 a 4500
001 1761
005 20140414131908.0
008 001218s19uu xx 00 eng d
020 _a0-7214-1660-8
050 _aER
_bB56 1994
100 _aSewell, Anna
245 _aBlack Beauty /
_cby Anna Sewell ; retold by Betty Evans and Audrey Daly ; illustrated by David Barnett Woodcuts.
260 _aLeicestershire, UK :
_bLadybird Books,
_c1994.
300 _a50 p. ; ill. ; cm.
440 _aLadybird classics
650 _aHorse stories - Fiction.
999 _c111066
_d111066